Countries with the Most Similar Names to JetPunk - Statistics

General Stats
  • This quiz has been taken 26 times
  • The average score is 5 of 20
Answer Stats
% Country % Correct
77.7 Denmark
45%
76 Germany
45%
71.4 Nigeria
40%
70.3 Ukraine
40%
72.6 Austria
35%
72 Iceland
35%
73.7 Belgium
30%
74.3 Finland
30%
72 Morocco
30%
72 Belarus
25%
70.3 Andorra
20%
76 Estonia
20%
71.4 Burundi
15%
77.7 Georgia
15%
73.7 Lebanon
15%
91.4 Lesotho
15%
72 Bolivia
5%
78.9 Comoros
5%
72.6 Ecuador
5%
77.1 Kosovo
5%
No matching quizzes found
Score Distribution
Percent of People with Each Score
Percentile by Number Answered
Your Score History
You have not taken this quiz